[Event "TP 40 Züge 2 Stunden"]
[Site "?"]
[Date "2009.??.??"]
[Round "?"]
[White "MM V 10 MHz, Mephisto"]
[Black "Milano Pro, Mephisto"]
[Result "1-0"]
[WhiteElo "2060"]
[BlackElo "2153"]
[Annotator "Thomas Jaeger"]
[PlyCount "116"]
[EventDate "2009.??.??"]

1. e4 c6 2. d4 d5 3. Nc3 dxe4 4. Nxe4 Nf6 5. Nxf6+ exf6 {letzter Buchzug} 6. c3
Bd6 7. Bd3 O-O 8. Ne2 Re8 9. O-O {letzter Buchzug} c5 10. Qc2 h6 11. dxc5 Bxc5
12. Bf4 Bg4 13. h3 Be6 14. Rad1 Nd7 15. b4 Bb6 16. c4 Qc8 17. c5 Bc7 18. Bxc7
Qxc7 19. Nc3 a6 20. f4 Nf8 21. Ne4 b6 22. Nd6 Red8 23. Be4 Rab8 24. f5 Bc8 25.
g3 {? Nach Dc4 steht Weiß fast auf Gewinn} (25. Qc4 bxc5 26. bxc5 a5 27. Bd5
Rd7 28. Rfe1 Rb4 29. Qc1) 25... a5 26. a3 bxc5 27. Qxc5 Qxc5+ 28. bxc5 Ba6 29.
Rf2 Rb3 30. Rf3 Rdb8 31. a4 {c6 ist wohl besser - auch um Sd7 zu verhindern}
Nd7 32. c6 Ne5 33. Rxb3 Rxb3 34. Rc1 {! sieht stark aus - Mit Freibauern kann
der MMV umgehen} Nd3 35. Rc2 Rb1+ 36. Kh2 Rb6 37. Bxd3 Bxd3 38. c7 Ba6 39.
c8=Q+ Bxc8 40. Rxc8+ Kh7 {Rest in 60 min} 41. Nxf7 g6 42. Rc5 Rb4 43. Rxa5 gxf5
44. Kg2 f4 45. g4 Kg6 46. Ra7 f5 47. gxf5+ Kxf5 48. Nxh6+ Kg6 49. Ra6+ Kg5 50.
Nf7+ Kf5 51. Ra5+ Kf6 52. Ng5 Rb3 53. h4 Rg3+ 54. Kf2 Rg4 55. h5 Rh4 (55...
Rxg5 56. Rxg5 Kxg5 57. a5 {darauf fällt Mp nicht herein}) 56. Rd5 (56. h6 {!})
56... Rxh5 {? jetzt doch} 57. Ne4+ {MM V + 9,40} Kg6 58. Rxh5 Kxh5 1-0

[Event "TP 40 Züge 2 Stunden"]
[Site "?"]
[Date "2009.??.??"]
[Round "?"]
[White "Star Diamond, Novag"]
[Black "MM V 10 MHz, Mephisto"]
[Result "1-0"]
[WhiteElo "2161"]
[BlackElo "2060"]
[Annotator "Thomas Jaeger"]
[PlyCount "51"]
[EventDate "2009.??.??"]

1. e4 e5 2. Nf3 Nc6 3. Bb5 a6 4. Ba4 Nf6 5. O-O Nxe4 6. d4 b5 7. Bb3 d5 8. dxe5
Be6 9. c3 Be7 10. Be3 O-O 11. Nbd2 Nxd2 12. Qxd2 Qd7 13. Bg5 {letzter Buchzug}
Rad8 14. Rfe1 Rfe8 {letzter Buchzug} 15. Nd4 Bxg5 16. Qxg5 Na5 17. Bc2 h6 18.
Qg3 c5 19. Nxe6 Qxe6 20. Qd3 Kf8 {von SD erwartet - was sprach gegen g6?} 21.
Qh7 f6 22. Bg6 Re7 {? verliert sofort} 23. Qh8+ Qg8 24. exf6 Red7 25. fxg7+
Rxg7 {MM V - 6,88} 26. Qxh6 1-0

[Event "TP 40 Züge 2 Stunden"]
[Site "?"]
[Date "2009.??.??"]
[Round "?"]
[White "MM V 10 MHz, Mephisto"]
[Black "Star Diamond, Novag"]
[Result "0-1"]
[WhiteElo "2060"]
[BlackElo "2161"]
[Annotator "Thomas Jaeger"]
[PlyCount "60"]
[EventDate "2009.??.??"]

1. e4 c6 2. d4 d5 3. Nc3 dxe4 4. Nxe4 Bf5 5. Ng3 Bg6 6. h4 h6 7. h5 Bh7 8. Nf3
Nd7 9. Bd3 Bxd3 10. Qxd3 Qc7 11. Bd2 e6 12. O-O-O Ngf6 {letzter Buchzug} 13.
Ne4 O-O-O 14. g3 Nxe4 15. Qxe4 {letzter Buchzug} Nf6 16. Qh4 Rd5 17. Bf4 Qa5
18. Be5 {Weiß stand schon schlecht nach Dh4} Qxa2 19. Bxf6 gxf6 20. Nd2 Qa1+
21. Nb1 Rb5 22. b3 Rf5 23. Rhf1 Rg8 24. Kd2 Qb2 25. Qe4 Bc5 26. Ke2 Rd8 27. g4
Rfd5 28. dxc5 Re5 29. Rxd8+ Kxd8 30. Rd1+ Ke7 {SD gewinnt leicht} 0-1

[Event "TP 40 Züge 2 Stunden"]
[Site "?"]
[Date "2009.??.??"]
[Round "?"]
[White "Sapphire, Novag"]
[Black "MM V 10 MHz, Mephisto"]
[Result "1-0"]
[WhiteElo "2097"]
[BlackElo "2060"]
[Annotator "Thomas Jaeger"]
[PlyCount "59"]
[EventDate "2009.??.??"]

1. d4 Nf6 2. c4 g6 3. Nc3 d5 4. cxd5 Nxd5 5. e4 Nxc3 6. bxc3 Bg7 7. Bc4 c5 8.
Ne2 cxd4 9. cxd4 Nc6 10. Be3 O-O 11. O-O Na5 12. Bd3 b6 13. Rc1 e6 {letzter
Buchzug} 14. Qd2 Bb7 15. h4 {Theorie und letzter Buchzug HG 550 kennt den Zug
nicht} Qxh4 {?!} 16. Bg5 Qg4 17. f3 Qh5 18. Ng3 Bxd4+ 19. Rf2 Bxf2+ 20. Kxf2
Qh2 21. Rh1 {Lf6 ist noch besser} Qxh1 22. Nxh1 f6 23. Bh6 Rf7 24. Bb5 f5 {?
was ist mit dem MM V los?} 25. Qd6 a6 26. Bd7 Nc4 27. Qc7 (27. Qxe6 {gewinnt
sofort} Ne5 28. Be8 Bc6 29. Bxf7+ Nxf7 30. exf5 Bd7 31. Qxd7 Nxh6 32. fxg6)
27... Rc8 28. Qxb7 Nd6 29. Qxc8+ Nxc8 30. Bxc8 {Sapphire gewinnt leicht} 1-0

[Event "TP 40 Züge 2 Stunden"]
[Site "?"]
[Date "2009.??.??"]
[Round "?"]
[White "MM V 10 MHz, Mephisto"]
[Black "Sapphire, Novag"]
[Result "0-1"]
[WhiteElo "2060"]
[BlackElo "2097"]
[Annotator "Thomas Jaeger"]
[PlyCount "90"]
[EventDate "2009.??.??"]

1. e4 c5 2. Nf3 d6 3. d4 cxd4 4. Nxd4 Nf6 5. Nc3 a6 6. Be2 e5 7. Nb3 Be7 8. O-O
Be6 9. a4 {letzter Buchzug} Nbd7 {letzter Buchzug} 10. Bg5 O-O 11. f4 h6 12.
Bxf6 Qb6+ 13. Kh1 Nxf6 14. Nd5 {hier und in der Folge spielt MM V nicht gut}
Bxd5 15. exd5 e4 16. a5 Qc7 17. c4 Rfe8 18. Nd2 {? komischer Fehler} Qc5 {e3
nebst Se4 ist stark!} 19. Ra4 Qd4 20. b4 Rac8 21. g3 Rc7 22. f5 Nd7 23. Ra2 Bg5
24. Qc2 Qe3 25. Nb1 Ne5 26. Na3 Nd3 27. Qa4 Rec8 28. Bg4 (28. c5 {ist
interessant. z.B} dxc5 29. d6 Rc6 30. Nc4 Qd4 31. b5 axb5 32. Qxb5 Qd5 33. h4
Bf6) 28... Bf6 29. Re2 Qd4 30. Qb3 Rxc4 {!? oder ?! als Enkel des Super Conny
fast erzwungen} 31. Nxc4 Rxc4 32. Qa4 Kf8 33. Rc2 (33. Qd7 Qxd5 34. Rd2 Rc3 35.
Be2 e3+ 36. Bf3 Qd4 37. Re2 {Weiß hat gutes Gegenspiel}) 33... Nc5 34. Rfc1
Rxb4 35. Qa2 Ra4 36. Qb1 Qxd5 37. Rd1 Qc6 38. Qb6 Qxb6 39. axb6 Ke7 40. Rb1 a5
{Rest in 60 min} 41. Kg2 Rb4 42. Rxb4 axb4 43. Rd2 b3 44. Bd1 Be5 45. Be2 b2
0-1

[Event "TP 40 Züge 2 Stunden"]
[Site "?"]
[Date "2009.??.??"]
[Round "?"]
[White "MM V 10 MHz, Mephisto"]
[Black "Risc 2500 2MB aktiv, Saitek"]
[Result "1/2-1/2"]
[WhiteElo "2060"]
[BlackElo "2254"]
[Annotator "Thomas Jaeger"]
[PlyCount "78"]
[EventDate "2009.??.??"]

1. d4 Nf6 2. c4 e5 3. dxe5 Ng4 4. Bf4 Nc6 5. Nf3 Bb4+ 6. Nbd2 Qe7 7. a3 Ngxe5
8. Nxe5 Nxe5 9. e3 Bxd2+ 10. Qxd2 d6 11. Be2 O-O 12. O-O {letzter Buchzug} b6 {
letzter Buchzug} 13. Rfd1 Bb7 14. b4 Ng6 15. Bg3 Nh4 16. f3 Ng6 17. e4 Rae8 18.
Rac1 f5 19. exf5 Nh4 20. Bxh4 Qxe2 21. Qxe2 Rxe2 22. Re1 Rxe1+ 23. Rxe1 Rxf5
24. Re7 Rf7 25. Re8+ Rf8 26. Rxf8+ Kxf8 27. Kf2 Kf7 28. Bg3 Ke6 29. Ke3 c5 30.
Be1 d5 31. cxd5+ Kxd5 32. Bc3 g6 33. bxc5 bxc5 34. Kd3 Ba6+ 35. Kc2 Bf1 36. g3
Bb5 37. f4 Bd7 38. Kb3 Bf5 39. Bf6 Bg4 {bleibt wohl remis} 1/2-1/2

[Event "TP 40 Züge 2 Stunden"]
[Site "?"]
[Date "2009.??.??"]
[Round "?"]
[White "Risc 2500 2MB aktiv, Saitek"]
[Black "MM V 10 MHz, Mephisto"]
[Result "1-0"]
[WhiteElo "2254"]
[BlackElo "2060"]
[Annotator "Thomas Jaeger"]
[PlyCount "181"]
[EventDate "2009.??.??"]

1. d4 Nf6 2. c4 e6 3. Nc3 Bb4 4. e3 O-O 5. Bd3 d5 6. Nge2 {letzter Buchzug} b6
7. O-O Bb7 {letzter Buchzug} 8. cxd5 exd5 9. Bd2 c5 10. dxc5 bxc5 11. a3 Ba5
12. Qb3 Bc6 13. Qc2 Bc7 14. b4 c4 15. Bf5 Re8 16. Nd4 g6 17. Bh3 Bb7 18. Ndb5
Bb6 19. Na4 Nc6 20. Bc3 Ne4 21. Bb2 f5 22. Nxb6 axb6 23. g3 Qd7 24. Nc3 Qe6 25.
Bg2 Ne5 26. Ne2 Nd3 27. Nf4 Nxf4 28. gxf4 Re7 29. Rfc1 Rc8 30. Bd4 b5 31. a4
bxa4 32. Rxa4 Ba6 {?! jetzt scheint Risc in Vorteil zu kommen} 33. Ra5 (33. f3
Nf6 34. Qb2 Ne8 35. b5 Bb7 36. b6) 33... Qc6 34. Rca1 Bb5 35. f3 Nd6 36. Qc3
Rce8 37. R5a2 Rc7 {[%emt 0:00:00]} 38. Ra7 Nc8 39. R7a5 Nb6 40. Qc2 Rd7 {Rest
in 60 min} 41. R1a3 Ree7 42. Be5 Kf8 43. h4 Ke8 44. h5 Rf7 45. hxg6 hxg6 46.
Ra1 Rh7 47. Bd4 Kf7 48. R1a2 Kg8 49. R2a3 Rde7 50. Ra1 Rb7 51. e4 Rbf7 52. e5
Rc7 53. R1a3 Rb7 54. Bc5 Nd7 55. Bf2 Nb6 56. Qd2 Rbc7 57. Bc5 Rc8 58. Bd4 Rd7
59. Qf2 Rb7 60. Ra7 {? e6 ist wohl stark} Na4 61. Rxb7 Qxb7 62. Qd2 Qe7 63. Bf2
Qd7 64. Bf1 Rc7 65. Bd4 Qe7 66. Bh3 Rc6 67. Bf2 Qd7 68. Qc2 Ra6 69. Bf1 Ra8 70.
Ra1 Qe6 71. Bd4 Qe7 72. Bc5 Qh4 73. Qd2 Rd8 {? Dd8 oder Lc6} 74. Bd6 Bc6 75. b5
Qg3+ 76. Bg2 c3 77. Qd4 Bb7 78. Qxa4 Ra8 79. Qd1 Rxa1 80. Qxa1 d4 81. Qa2+ Kg7
82. e6 Qe1+ 83. Kh2 Kh6 {? noch ein Fehler} 84. Be7 Qe3 85. Bg5+ Kg7 86. Qa7 {
Dc4 ist matt in 11?} Qxe6 87. Qxb7+ Kf8 88. b6 d3 89. Qa8+ Kf7 {MM V gibt auf}
90. Qa7+ Kg8 91. b7 1-0

[Event "TP 40 Züge 2 Stunden"]
[Site "?"]
[Date "2009.??.??"]
[Round "?"]
[White "Magellan, Mephisto"]
[Black "MM V 10 MHz, Mephisto"]
[Result "1-0"]
[WhiteElo "2195"]
[BlackElo "2060"]
[Annotator "Thomas Jaeger"]
[PlyCount "104"]
[EventDate "2009.??.??"]

1. e4 c5 2. Nf3 e6 3. d4 cxd4 4. Nxd4 Nf6 5. Nc3 d6 6. Be2 a6 7. O-O Be7 8. f4
O-O 9. Be3 Qc7 10. Qe1 Nc6 11. Qg3 Nxd4 12. Bxd4 b5 13. a3 Bb7 14. Kh1 {
letzter Buchzug} Bc6 {letztr Buchzug} 15. Bf3 a5 16. e5 dxe5 17. fxe5 Nd7 18.
Bxc6 Qxc6 19. Be3 f5 20. Rfd1 Rfd8 21. Bh6 g6 22. Ne2 {!? ein scharfes
Bauernopfer} Qxc2 23. Nd4 Qxb2 24. Rab1 {Maggi spielt dies sehr schnell. Se6
war interessant} Qxa3 25. Qxa3 Bxa3 26. Nxe6 Re8 27. Nc7 Nxe5 28. Nxe8 Rxe8 29.
Rd5 Bb4 30. Rxb5 Ng4 31. Bf4 Nf2+ 32. Kg1 Nd3 {Se4 sieht doch besser aus} 33.
Bc7 {[%emt 0:00:00]} Bc5+ 34. Kf1 a4 35. Rd1 Nf2 36. Rd5 Ba7 37. Re5 Rxe5 38.
Rxe5 Ne4 39. Ra5 Be3 40. Rxa4 Kf7 {Rest in 60 min} 41. Ra8 g5 42. Ke2 f4 43.
Ra5 Kg6 44. Ra6+ Kf7 45. Rh6 Kg7 46. Re6 Nc3+ 47. Kd3 Nd1 48. Ke4 h6 49. Be5+
Kh7 50. Rd6 Nf2+ 51. Kf5 Kg8 52. Kg6 Bb6 {MM V gibt wegen matt in 4 Zügen auf}
1-0

[Event "TP 40 Züge 2 Stunden"]
[Site "?"]
[Date "2009.??.??"]
[Round "?"]
[White "MM V 10 MHz, Mephisto"]
[Black "Magellan, Mephisto"]
[Result "1/2-1/2"]
[WhiteElo "2060"]
[BlackElo "2195"]
[Annotator "Thomas Jaeger"]
[PlyCount "63"]
[EventDate "2009.??.??"]

1. e4 c5 2. c3 d5 3. exd5 Qxd5 4. d4 Nc6 5. Nf3 Bg4 6. Be2 cxd4 7. cxd4 e6 8.
Nc3 Qd7 {letzter Buchzug} 9. O-O {letzter Buchzug} Nge7 10. Ne5 Bxe2 11. Qxe2
Nxe5 {Dxd4 war doch ok} 12. dxe5 Nd5 13. Nxd5 exd5 14. Be3 Be7 15. f4 O-O 16.
f5 Rfd8 17. f6 Bf8 18. Rac1 {Ld4} d4 19. Rfd1 d3 20. Qf3 Qe6 21. fxg7 Bxg7 22.
Qxb7 Qxa2 23. Rxd3 Bxe5 24. Rcd1 Rxd3 25. Qxa8+ Kg7 26. Qf3 Rxd1+ 27. Qxd1 Bxb2
28. Qg4+ Kh8 29. Qc8+ Kg7 30. Qg4+ Kh8 31. Qc8+ Kg7 32. Qg4+ 1/2-1/2

[Event "TP 40 Züge 2 Stunden"]
[Site "?"]
[Date "2009.??.??"]
[Round "?"]
[White "MM V 10 MHz, Mephisto"]
[Black "Super Expert C, Novag"]
[Result "1/2-1/2"]
[WhiteElo "2060"]
[BlackElo "2002"]
[Annotator "Thomas Jaeger"]
[PlyCount "109"]
[EventDate "2009.??.??"]

1. e4 e5 2. Nf3 Nf6 3. Nxe5 d6 4. Nf3 Nxe4 5. d4 d5 6. Bd3 Bd6 {letzter Buchzug
} 7. O-O O-O 8. c4 c6 9. Nc3 Nxc3 10. bxc3 dxc4 11. Bxc4 Bg4 12. Rb1 {letzter
Buchzug} Qc7 13. h3 Bf5 14. Bd3 Bxd3 15. Qxd3 Nd7 {[%emt 0:00:00]} 16. c4 Rfe8
17. Bg5 h6 18. Bd2 Re7 19. Rfe1 Rae8 20. Rxe7 Rxe7 21. Nh4 Re8 22. g3 Bf8 23.
Nf5 Nf6 24. Qf3 Ne4 {[%emt 0:00:00]} 25. Be3 Qc8 26. Qg4 Kh7 27. Qf4 {?!
danach wird es sehr spannend und unklar} Ng5 28. Qg4 Re4 29. f4 g6 30. Nxh6 f5
{De8 ist vielleicht etwas besser} 31. Nxf5 Qxf5 32. Qxf5 gxf5 33. Kf2 {Tb7
geht wohl auch} Nxh3+ {würde ich nicht spielen - der S steht hier schlecht.}
34. Kf3 Bg7 {Interessant SEC gibt die Figur auf h3 zurück - besser war aber
wohl b6, um Tb7 zu verhindern} 35. Rxb7 Kg6 36. Rc7 Re6 (36... Bxd4 37. Rxc6+
Kf7 38. Bxd4 Rxd4 39. Kg2 Nxf4+ 40. gxf4 Rxf4 {= wäre die normale Forstzetzung}
) 37. d5 cxd5 38. cxd5 Re4 39. Bxa7 Bd4 40. Kg2 Nxf4+ {Rest in 60 min} 41. gxf4
Bxa7 42. Rxa7 Rxf4 43. Ra6+ {nach den vielen Verwicklungen müsste es jetzt
remis werden} Kf7 44. Rh6 Rd4 45. d6 Kg7 46. Re6 Kf7 47. Re7+ Kf6 48. Rh7 Ke6 {
Td6 ist bleicht remis -kann der SEC das nicht errechnen?} 49. d7 Rd1 50. Kf3
Rd3+ 51. Kf4 Rd4+ 52. Ke3 Rd5 53. a4 Rxd7 {endlich} 54. Rxd7 Kxd7 55. a5
1/2-1/2

[Event "TP 40 Züge 2 Stunden"]
[Site "?"]
[Date "2009.??.??"]
[Round "?"]
[White "Super Expert C, Novag"]
[Black "MM V 10 MHz, Mephisto"]
[Result "0-1"]
[WhiteElo "2002"]
[BlackElo "2060"]
[Annotator "Thomas Jaeger"]
[PlyCount "92"]
[EventDate "2009.??.??"]

1. e4 e5 2. Nf3 Nc6 3. Bc4 Nf6 4. d4 exd4 5. e5 d5 6. Bb5 Ne4 7. Nxd4 Bd7 8.
Bxc6 bxc6 9. O-O Bc5 {letzter Buchzug} 10. f3 Ng5 11. Be3 {letzter Buchzug} Rb8
12. Qc1 Ne6 13. Nxe6 Bxe3+ 14. Qxe3 Bxe6 15. Qa3 Rb7 16. Nd2 Qe7 17. Qxe7+ {?!
sollte eher vermieden werden} Kxe7 18. Nb3 c5 19. Rab1 Rhb8 20. Rbd1 Ke8 21. f4
g6 22. c4 {?! aber andere Züge sind nicht viel besser} dxc4 23. Nxc5 Rxb2 24.
a3 {?} Ke7 {c3!} 25. Nxe6 Kxe6 26. Rc1 Ra2 27. Rf2 Rxf2 28. Kxf2 Rb2+ 29. Kf3
Kd5 30. Rd1+ Kc6 31. Rd4 Rc2 {? Kc5} 32. Ke3 {? beide spielen das Endspiel
schlecht} Kb7 {?} 33. Rd2 {?} Rxd2 34. Kxd2 Kc6 35. Kc3 Kd5 36. g3 h6 37. h4 {
verliert, andere Züge aber wohl auch, nur langsamer} Ke4 {?! reicht wohl, aber
es geht einfacher} 38. a4 h5 {! lange hatte der MM V Kf3 als Hauptvariante,
was nach h5 verliert!} 39. Kxc4 Kf3 40. Kd5 Kxg3 {MM V bewertet mit über + 5
Rest in 60 min} 41. e6 fxe6+ 42. Kxe6 Kxf4 43. Kd5 Kf5 44. a5 a6 45. Kd4 Kg4
46. Ke3 Kxh4 0-1

[Event "TP 40 Züge 2 Stunden"]
[Site "?"]
[Date "2009.??.??"]
[Round "?"]
[White "Lyon 68020, Mephisto"]
[Black "MM V 10 MHz, Mephisto"]
[Result "1/2-1/2"]
[WhiteElo "2169"]
[BlackElo "2060"]
[Annotator "Thomas Jaeger"]
[PlyCount "69"]
[EventDate "2009.??.??"]

1. e4 e5 2. Nf3 Nc6 3. Bb5 a6 4. Ba4 d6 5. Bxc6+ bxc6 6. d4 f6 7. c4 Ne7 8. Nc3
Ng6 9. Be3 {letzter Buchzug} Be7 {letzter Buchzug} 10. c5 Rb8 11. Qa4 Rxb2 12.
O-O-O {!? oder ?! ja, es spielt der Lyon mit Weiß!} Rb8 13. dxe5 Nxe5 14. cxd6
Bxd6 15. Ba7 Rb4 16. Qxb4 Bxb4 17. Rxd8+ Kxd8 18. Nxe5 fxe5 19. Rd1+ Ke7 20.
Kc2 Rd8 21. Rxd8 Kxd8 22. Be3 Be6 23. f4 Bxc3 24. Kxc3 Bxa2 25. Kb2 {Lyon
sieht sich 0,54 hinten. Er hat das Endspiel mit ungleichfarbenen Läufern
angestrebt} exf4 26. Bxf4 Bf7 27. Kc3 c5 28. Be3 c4 29. Kd4 Kd7 30. Bd2 Kc6 31.
Ba5 Kb5 32. Bxc7 Kb4 33. Bg3 Kb3 34. Be1 g5 35. g4 {in den nächsten 25 Zügen
tat sich nicht viel - remis} 1/2-1/2

[Event "TP 40 Züge 2 Stunden"]
[Site "?"]
[Date "2009.??.??"]
[Round "?"]
[White "MM V 10 MHz, Mephisto"]
[Black "Lyon 68020, Mephisto"]
[Result "1-0"]
[WhiteElo "2060"]
[BlackElo "2169"]
[Annotator "Thomas Jaeger"]
[PlyCount "127"]
[EventDate "2009.??.??"]

1. c4 c6 2. d4 d5 3. Nf3 Nf6 4. Nc3 dxc4 5. a4 Bg4 6. Ne5 Bh5 7. f3 Nfd7 8.
Nxc4 e5 9. Ne4 Bb4+ 10. Bd2 Qe7 11. Bxb4 Qxb4+ 12. Qd2 Qxd2+ 13. Kxd2 exd4 14.
Ned6+ Ke7 {letzter Buchzug} 15. Nf5+ Kf6 16. Nxd4 {letzter Buchzug} Rd8 17. e4
Bg6 18. Ke3 Ke7 19. Na5 c5 20. Nb5 a6 21. Nc7 (21. Nxb7 axb5 22. Nxd8 bxa4 {!}
23. Nb7 Ra7) 21... Ra7 22. Nd5+ Kf8 23. Be2 Re8 24. Nf4 b6 25. Nc4 Nc6 26. Nd6
{bringt nichts} Rd8 27. Nxg6+ hxg6 28. Nc4 Nd4 29. Bd3 Re8 30. b4 Re6 31. Rhb1
Nf5+ 32. Ke2 g5 33. Kf2 Nd4 34. Ne3 a5 35. bxc5 bxc5 36. Nd5 Ne5 37. Rb8+ Re8
38. Rxe8+ Kxe8 39. Bb5+ Kd8 40. h3 Rb7 {Rest in 60 min} 41. Rb1 Nxb5 42. Rxb5
Rxb5 43. axb5 a4 44. Nc3 a3 45. Ke2 Kc7 46. Kd2 Kb6 47. Kc2 c4 48. Kb1 Kc5 49.
Ka2 Kb4 50. Ne2 c3 51. b6 Nd7 52. b7 c2 53. Nc1 Nb8 54. g3 Ka4 55. Ne2 g6 56.
f4 gxf4 57. gxf4 Nc6 58. f5 {lange sehen beide Schwarz etwas besser. MMV jetzt
0,00, aber er steht schon besser!} gxf5 {? das verliert schnell. Erstaunlich,
dass Lyon das nicht sieht. Das der H-Bauer gewinnt ist sehr offensichtlich} (
58... Kb5 59. Kxa3 Kb6 60. Kb2 Kxb7 61. Kxc2 g5 {und wohl remis}) 59. exf5 Nb4+
60. Ka1 Nc6 61. h4 Kb5 62. h5 Kb6 63. Nc1 Kxb7 64. h6 1-0

[Event "TP 40 Züge 2 Stunden"]
[Site "?"]
[Date "2009.??.??"]
[Round "?"]
[White "Genius 68030, Mephisto"]
[Black "MM V 10 MHz, Mephisto"]
[Result "1-0"]
[WhiteElo "2276"]
[BlackElo "2060"]
[Annotator "Thomas Jaeger"]
[PlyCount "111"]
[EventDate "2009.??.??"]

1. e4 e5 2. Nf3 Nf6 3. Nxe5 d6 4. Nf3 Nxe4 5. d4 d5 6. Bd3 Bd6 7. O-O O-O 8. c4
c6 9. Nc3 Nxc3 10. bxc3 dxc4 11. Bxc4 Bg4 12. Qd3 Bh5 13. Bg5 Qc7 14. Rae1 Nd7
15. Be7 Bxe7 16. Rxe7 Qd6 17. Rfe1 {letzter Buchzug} b5 {letzter Buchzug} 18.
Bb3 a5 19. Ng5 Nf6 20. R7e6 {Genius wählt aus 62 Zugmöglichkeiten diesen
schönen Zug, den der MM V erwartet hat} Bg6 (20... fxe6 21. Rxe6 Qxe6 22. Bxe6+
Kh8 {+-}) 21. Rxd6 Bxd3 22. Re3 Bg6 23. Rxc6 Rfc8 24. Rxc8+ Rxc8 25. a3 h6 26.
Ne6 a4 27. Ba2 Ne4 28. Nf4 Rxc3 29. g4 Bh7 30. Ne2 Rc8 {Te3 war gut möglich -
Der MM V hat ausgeglichen} 31. h4 Nd6 32. Nc3 Bc2 33. Nd5 Kh7 34. Rc3 Rxc3 35.
Nxc3 Bb3 36. Bb1+ Kg8 37. Kg2 g5 38. Kg3 Kg7 39. f4 gxh4+ 40. Kxh4 Bc4 {Rest
in 60 min Eigentlich ist die Stellung klar remis. Aber bei Genius gegen MMV
weiß man nie.} 41. d5 Nb7 42. Kg3 Nd6 43. Kf3 Bb3 44. Bd3 Kf6 45. Ke3 Ke7 46.
Kd4 b4 47. axb4 {? Tempoverlust} f6 48. b5 a3 49. Bb1 f5 50. gxf5 Nb7 51. b6
Kf6 {noch ein Fehler} 52. Ne4+ Ke7 53. Nc5 Nxc5 54. Kxc5 Kd7 55. d6 Kc8 56. Be4
{mit Mattansage} 1-0

[Event "TP 40 Züge 2 Stunden"]
[Site "?"]
[Date "2009.??.??"]
[Round "?"]
[White "MM V 10 MHz, Mephisto"]
[Black "Genius 68030, Mephisto"]
[Result "0-1"]
[WhiteElo "2060"]
[BlackElo "2276"]
[Annotator "Thomas Jaeger"]
[PlyCount "92"]
[EventDate "2009.??.??"]

1. e4 e5 2. Nf3 Nc6 3. Bc4 Nf6 4. Ng5 d5 5. exd5 Na5 6. Bb5+ c6 7. dxc6 bxc6 8.
Be2 h6 9. Nf3 e4 10. Ne5 Bd6 11. f4 exf3 12. Nxf3 O-O {letzter Buchzug} 13. O-O
{letzter Buchzug} Qe7 14. d4 Rb8 15. Re1 Qc7 16. a3 c5 17. Nc3 a6 18. d5 c4 19.
Bf1 Ng4 20. g3 Bc5+ 21. Nd4 Qa7 22. Nce2 Re8 23. c3 Nb3 24. Ra2 Nxd4 25. Nxd4
Rxe1 26. Qxe1 Bxd4+ 27. cxd4 Qxd4+ 28. Kh1 Bb7 29. Bg2 Bxd5 30. Bxd5 Qxd5+ 31.
Kg1 c3 {?! da gibt es noch bessere Züge} (31... Ne5 32. Qe2 Re8 33. Be3 Qe4 34.
Ra1 Nf3+ 35. Kf1 Nd4 36. Qd1 Qxe3 {z.B.}) 32. b3 Qxb3 33. Re2 Qb6+ 34. Kf1 Qc6
35. Kg1 c2 36. Qd2 Rc8 37. Qd3 f6 38. Qf5 Ne5 39. Rf2 Rc7 40. h3 {Rest in 60
min} Qd5 41. g4 Rc3 42. Rd2 Nf3+ 43. Kf2 Qxd2+ 44. Bxd2 Nxd2 45. Qd5+ Kh7 46.
Qxd2 c1=Q 0-1